000 01206naa a22002897a 4500
001 BR7803056
003 BR-BrBNA
005 20240918174104.0
007 ta
008 230509b bl.||||| |||| 00| 0 por d
040 _aBR-BrBNA
_bpor
_cBiblioteca Nacional de Agricultura
041 _a(Pt)
072 _aH10
_b0120
_b4020
090 _aH10 BR7803056
100 1 _aMaia, N.G.
100 1 _aCachapuz, L.M.M.
111 1 _a22. Reuniao Tecnica Anual do Milho e 6. do Sorgo Granifero
_cPorto Alegre, RS (Brazil)
_dAug 1977
245 1 _aAvaliacao da suscetibilidade de cultivares de milho ao ataque da Broca do colo e da lagarta do cartucho Elasmopalpus liguoselus (Zeller, 1848)e Spodoptera frugiperda (Smith e Abbot, 1797)[Zea mays]
260 3 _aPorto Alegre, RS (Brasil):
_c1977.
500 _aAta da 22. Reuniao Tecnica Anual do Milho e 6. do Sorgo Granifero Porto Alegre, RS (Brasil): 1977. p. 162-171 (BR7803056-AM)H10
650 _aMILHO
650 _aBROCA
650 _aLAGARTA
773 0 _tAta da 22. Reuniao Tecnica Anual do Milho e 6. do Sorgo Granifero
_wH10 BR7803056
_gPorto Alegre, RS (Brasil), 1977. p. 162-171
909 _a202404
_bLucia
_c55
_dLucia Elande
942 _cAM
_2AGRIS
999 _c308835
_d308835